| Поле | Название | Значение |
| |
Тип записи |
a |
| |
Библиографический уровень |
m |
| 001 |
Контрольный номер |
61421e4966864f928fa7ce593088f643 |
| 005 |
Дата корректировки |
20230706154936.1 |
| 041 |
Код языка издания |
00 |
| a |
Код языка текста |
rus |
| 080 |
Индекс УДК |
00 |
| a |
Индекс УДК |
725.8+796.062 |
| 090 |
Шифры |
00 |
| a |
Полочн. индекс |
725.8 |
| x |
Авторский знак |
У 677 |
| c |
Каталожный индекс |
725.8+796.062 |
| 245 |
Заглавие |
00 |
| a |
Заглавие |
Управление спортивными сооружениями. (Нормативные и методические документы для курсов повышения квалификации) |
| c |
Ответственность |
Санкт-Петербургская государственная академия физической культуры им. П.Ф. Лесгафта, Кафедра спортивных сооружений и индустрии |
| c |
Ответственность |
сост.: Л. В. Аристова, Л. В. Жестянников |
| n |
Номер части/ раздела |
Ч. I |
| h |
Физич. носитель |
Текст |
| b |
Продолж. заглавия |
в 2 ч. |
| 260 |
Выходные данные |
00 |
| a |
Место издания |
Санкт-Петербург |
| c |
Дата издания |
2002 |
| b |
Издательство |
[б. и.] |
| 300 |
Физическое описание |
00 |
| a |
Объем |
352 с. |
| 520 |
Аннотация |
0_ |
| a |
Аннотация |
В книгу вошли нормативные и методические документы по вопросам: режим и эксплуатация физкультурно-оздоровительных и спортивных сооружений; классификация спортивных сооружений; проведение спортивных соревнований; кадровое обеспечение; безопасность и правила эксплуатации спортивных сооружений. |
| 650 |
Тематические рубрики |
_4 |
| a |
Предметная рубрика |
ФИЗКУЛЬТУРА И СПОРТ |
| 653 |
Ключевые слова |
00 |
| a |
Ключевые слова |
КЛАССИФИКАЦИЯ СПОРТИВНЫХ СООРУЖЕНИЙ |
| a |
Ключевые слова |
НОРМАТИВНЫЕ ДОКУМЕНТЫ |
| a |
Ключевые слова |
СПОРТИВНЫЕ СООРУЖЕНИЯ |
| a |
Ключевые слова |
ЭКСПЛУАТАЦИЯ СПОРТИВНЫХ СООРУЖЕНИЙ; ЭКСПЛУАТАЦИЯ; ОХРАНА ТРУДА; ТЕХНИКА БЕЗОПАСНОСТИ; ПРОТИВОПОЖАРНАЯ БЕЗОПАСНОСТЬ; ОХРАНА |
| 700 |
Другие авторы |
10 |
| a |
Другие авторы |
Аристова Л.В. |
| e |
Роль лиц |
сост. |
| 700 |
Другие авторы |
10 |
| a |
Другие авторы |
Жестянников Л.В. |
| e |
Роль лиц |
сост. |
| 901 |
Тип документа |
__ |
| t |
Тип документа |
p |
| 952 |
Тип литературы |
__ |
| a |
Тип литературы для КСУ ВШ |
КМ |